Camcorder handbook : [a creative course in the skills of home video-making, featuring specially developed video project s to help put theory into practice] (Record no. 236401)

MARC details
000 -LEADER
fixed length control field 00389nam a2200097Ia 4500
082 ## - DEWEY DECIMAL CLASSIFICATION NUMBER
Classification number 778.599 SQU
008 - FIXED-LENGTH DATA ELEMENTS--GENERAL INFORMATION
fixed length control field 210817s9999 xx 000 0 und d
100 ## - MAIN ENTRY--PERSONAL NAME
Personal name LANGFORD, Michael London, 1992
9 (RLIN) 72422
245 #0 - TITLE STATEMENT
Title Camcorder handbook : [a creative course in the skills of home video-making, featuring specially developed video project s to help put theory into practice]
942 ## - ADDED ENTRY ELEMENTS
item type Books
Holdings
Withdrawn status Lost status Damaged status Not for loan Home library Current library Date acquired Cost, normal purchase price Total Checkouts Barcode Date last seen Price effective from item type
        Jeremiah Madonsela Public Library Jeremiah Madonsela Public Library 18.08.2021 44.80   33228018313898 18.08.2021 18.08.2021 Books